000 00533nam a2200193 a 4500
001 1771681180170
003 YourLibrary
005 20260221191140.0
008 260221s2010##################000#0#eng##
020 _a9780521110334
082 0 4 _a320.947
_bROB
100 1 _aRoberts, Andrew,
_eauthor.
245 1 0 _aThe Quality of Democracy in Eastern Europe :
260 _bCambridge University Press,
_c2010.
300 _a253 pages
650 0 _aPolitical Science.
942 _cENGLISH
040 _aYourLibrary
_beng
_cYourLibrary
999 _c615435
_d615435